000 01016nam a22003257a 4500
001 BR8402621
003 BR-BrBNA
005 20230928091922.0
007 ta
008 230509b bl.||||| |||| 00| 0 por d
040 _aBR-BrBNA
_bpor
_cBiblioteca Nacional de Agricultura
041 _a(Por)
072 _aE30; E10
_b/G514
090 _ E30 BR8402621
110 1 _aDelegacia Federal de Agricultura de Pernambuco, Recife (Brasil)
_93056
245 1 _aRelatorio de avaliacao do desempenho fisico e financeiro dos projetos/atividades - janeiro a dezembro de 1983 [Pernambuco, Brasil]
260 3 _aRecife, PE (Brasil):
_c1984.
300 _a27 p.
650 _aDESENVOLVIMENTO AGRICOLA
650 _aPROJETO DE DESENVOLVIMENTO
650 _aMELHORAMENTO ANIMAL
650 _aMELHORAMENTO VEGETAL
650 _aINSPECAO SANITARIA
650 _aCONSERVACAO DO SOLO
650 _aFINANCIAMENTO
650 _aDIRETRIZ
650 _aPERNAMBUCO
909 _a202309
_bLucia
_c55
_dLucia Elande
942 _cBK
999 _c36197
_d36197